Capital Cities Closest to an Unknown Capital City - Statistics

General Stats
  • This quiz has been taken 24 times
  • The average score is 15 of 21
Answer Stats
km Capital miles % Correct
689 New Delhi 428
91%
Islamabad
86%
369 Kabul 230
86%
1990 Tehran 1237
82%
1945 Astana 1209
77%
2653 Baghdad 1648
77%
1346 Kathmandu 836
77%
910 Tashkent 566
77%
2013 Dhaka 1251
73%
2278 Doha 1415
73%
1728 Thimphu 1074
73%
2082 Abu Dhabi 1293
68%
2180 Baku 1355
68%
662 Dushanbe 411
64%
2419 Kuwait City 1503
64%
2628 Tbilisi 1633
64%
1404 Ashgabat 872
59%
1030 Bishkek 640
59%
2314 Manama 1438
55%
1815 Muscat 1128
55%
2625 Yerevan 1631
50%
No matching quizzes found
Score Distribution
Percent of People with Each Score
Percentile by Number Answered
Your Score History
You have not taken this quiz